书目信息 |
| 题名: |
致密定形耐火制品常温耐压强度试验方法无衬垫仲裁试验
|
|
| 作者: | 国家质量技术监督局 | |
| 分册: | ||
| 出版信息: | 1999.04 |
|
| 页数: | 4页 | |
| 开本: | 16开 | |
| 丛书名: | ||
| 单 册: | ||
| 中图分类: | TB37-65 | |
| 科图分类: | ||
| 主题词: | 工程材料:耐蚀材料 | |
| 电子资源: | ||
| ISBN: | ||
| 000 | 00667nam0 2200193 45 | |
| 001 | 0009261695 | |
| 005 | 20120323161702.40 | |
| 010 | @d8.00元 | |
| 100 | @a20000926d1999 km y0chiy0120 ea | |
| 101 | 0 | @achi |
| 105 | @a z 000yy | |
| 200 | 1 | @a致密定形耐火制品常温耐压强度试验方法无衬垫仲裁试验@AZhi Mi Ding Xing Nai Huo Zhi Pin Chang Wen Nai Ya Qiang Du Shi Yan Fang Fa Wu Chen Dian Zhong Cai Shi Yan@f国家质量技术监督局@FGuo Jia Zhi Liang Ji Shu Jian Du Ju |
| 210 | @d1999.04 | |
| 215 | @a4页@d16开 | |
| 606 | 0 | @a工程材料:耐蚀材料 |
| 690 | @aTB37-65@v3 | |
| 701 | 0 | @a国家质量技术监督局 |
| 801 | @aCN@bPftUser@c20000926 | |
| 905 | @b154449-453@dTB37-65@eG:967@f5 | |
| 致密定形耐火制品常温耐压强度试验方法无衬垫仲裁试验/国家质量技术监督局.-1999.04 |
| 4页;16开 |
| ISBN :8.00元 |
| ● |
| 相关链接 |
|
|
|
正题名:致密定形耐火制品常温耐压强度试验方法无衬
索取号:TB37-65/G:967
 
预约/预借
| 序号 | 登录号 | 条形码 | 馆藏地/架位号 | 状态 | 备注 |
| 1 | 154449 | 201544490 | 期刊室512/501自科库 24排4列3层/ [索取号:TB37-65/G:967] | 在馆 | |
| 2 | 154450 | 201544506 | 自科二线404/404自科库 3排1列5层/ [索取号:TB37-65/G:967] | 在馆 | |
| 3 | 154451 | 201544515 | 自科库501/ [索取号:TB37-65/G:967] | 在馆 | |
| 4 | 154452 | 201544524 | 自科二线404/404自科库 3排1列6层/ [索取号:TB37-65/G:967] | 在馆 | |
| 5 | 154453 | 201544533 | 自科二线404/404自科库 3排1列5层/ [索取号:TB37-65/G:967] | 在馆 |